| 000 | 00875cam a2200289 a 4500 | ||
|---|---|---|---|
| 999 |
_c8883 _d8883 |
||
| 001 | 8883 | ||
| 003 | BD-JhCC | ||
| 005 | 20180627091544.0 | ||
| 008 | 820712r19821962enk | |||| ||eng| | ||
| 020 | _a0723108293 | ||
| 029 | _aR8212 | ||
| 035 | _a(BD-JhCC)8883 | ||
| 040 |
_aBD-JhCC _dBD-JhCC |
||
| 041 | _aeng | ||
| 082 |
_bLAW 1962 _a428.1 |
||
| 100 | 1 |
_aLawley, A. H. _q(Alec Henry) |
|
| 245 | 1 | 0 |
_aHow to spell and punctuate / _cby A.H. Lawley and Marian Lawley. |
| 260 |
_aSlough : _bUniversity Tutorial, _c1982. |
||
| 300 |
_avi,73p ; _c18cm. |
||
| 500 | _aOriginally published as: How to spell and punctuate. 1962. | ||
| 650 | _aPunctuation--Study and teaching | ||
| 650 | _aEnglish language--Study and teaching | ||
| 700 | 1 |
_aLawley, A. H. _q(Alec Henry). _tHow to spell and punctuate. |
|
| 700 | 1 | _aLawley, Marian. | |
| 942 |
_2ddc _cBK |
||